Upgrading and repairing PCs (Record no. 162679)

MARC details
000 -LEADER
fixed length control field 00347nam a2200145Ia 4500
008 - FIXED-LENGTH DATA ELEMENTS--GENERAL INFORMATION
fixed length control field 231217s9999 xx 000 0 und d
041 ## - LANGUAGE CODE
Language code of text/sound track or separate title English
082 ## - DEWEY DECIMAL CLASSIFICATION NUMBER
Classification number 001.6404 MUE;2
100 ## - MAIN ENTRY--PERSONAL NAME
Personal name Mueller, Scott
245 #0 - TITLE STATEMENT
Title Upgrading and repairing PCs
260 ## - PUBLICATION, DISTRIBUTION, ETC.
Date of publication, distribution, etc. 1988
Name of publisher, distributor, etc. Microtech
300 ## - PHYSICAL DESCRIPTION
Extent 724
650 ## - SUBJECT ADDED ENTRY--TOPICAL TERM
Topical term or geographic name entry element Personal computers
942 ## - ADDED ENTRY ELEMENTS (KOHA)
Koha item type Books
Holdings
Date last seen Total checkouts Full call number Accession number Cost, total (INR) price Price effective from Category Lost status Damaged status Department Withdrawn status Home library Current library Shelving location Entry date Vendor Cost, normal purchase price Grants Billnumber Billdate Currency symbol Conversion rate Discount Old discount Date last checked out
26/01/2024   001.6404 MUE;2 5472 46.75 26/01/2024 Books     Central Library   Central Library Central Library Library Annex 10/04/1993 Com.Bk.Cen 55.00 CS 164 20/10/1995 RS 1 8.25 15  
14/08/2024 1 001.6404 MUE;3 5473 46.75 26/01/2024 Books     Central Library   Central Library Central Library   10/04/1993 Com.Bk.Cen 55.00 CS 164 20/10/1995 RS 1 8.25 15 14/08/2024

© For any Suggestions or Query, please contact the library staff @ librarian@pes.edu or Phone: +9180 2672 1983/ 2108.